000
00288nam a2200109Ia 4500
008
220204s9999 xx 000 0 und d
082
_a
657
_b
NEW.2
245
0
_a
Certificate in management accounting review. V 2
260
_a
SanFrancisco
_b
Carfield
_c
1978
700
_a
Grant W
942
_c
BK
999
_c
34802
_d
34802